Cortes de los reinados de Pedro IV/4 y Juan I / María del Mar Agudo Romeo, José Ángel Sesma Muñoz ; edición a cargo de José Ángel Sesma Muñoz
MARC
| LEADER | 00000nam a2200000Ia 4500 | ||
|---|---|---|---|
| 001 | 22722 | ||
| 008 | 160829s2009 xx 000 0 cat d | ||
| 020 | |a 978-84-8380-188-8 | ||
| 080 | |a H-3-106 | ||
| 100 | |a Agudo Romeo, María del Mar |9 44967 | ||
| 245 | |a Cortes de los reinados de Pedro IV/4 y Juan I / María del Mar Agudo Romeo, José Ángel Sesma Muñoz ; edición a cargo de José Ángel Sesma Muñoz | ||
| 260 | |a Zaragoza : |b Gobierno de Aragón, Departamento de Educación, Cultura i Deporte : |b Universidad de Zaragoza, Grupo de Investigación de Excelencia C.E.M.A. [etc.], |c 2009 | ||
| 300 | |a LI, 529 p. ; |c 26 cm | ||
| 490 | |a Acta curiarum Regni Aragonum ; 5 | ||
| 590 | |a Conté: Actas de las Cortes de Zaragoza de 1381; Actas de las Cortes Generales de Monzón, Tamarite de Litera y Fraga de 1383-1384; Actas de la Cortes Generales de Monzón de 1388-1389. | ||
| 590 | |a Text en castellà i llatí | ||
| 600 | 0 | 0 | |a Pere |b III, |c rei de Catalunya-Aragó, |d 1319-1387 |9 55598 |
| 600 | 0 | 0 | |a Joan |b I, |c rei de Catalunya-Aragó, |d 1350-1396 |9 55611 |
| 650 | |a Aragó. Cortes |x Història |x Fonts I |9 44970 | ||
| 650 | |a Corona Catalanoaragonesa |x Història |x Fonts |9 44963 | ||
| 700 | |a Sesma Muñoz, José Ángel, ed. |9 44971 | ||
| 710 | 2 | |a Universidad de Zaragoza. |b Grupo de Excelencia de Investigación CEMA |9 55248 | |
| 710 | 2 | |a Aragó. |b Departamento de Educación, Cultura y Deporte |9 55585 | |
| 901 | |a Arxiu | ||
| 942 | |n 1 | ||
| 952 | |0 0 |1 0 |4 0 |6 H3106 |7 1 |9 52291 |a Arxiu |b Arxiu |d 2016-12-01 |l 0 |o H-3-106 |p 22722 |r 2016-12-01 00:00:00 |w 2016-12-01 |y ARXIU | ||
| 999 | |c 56139 |d 56139 | ||